[Event "4NCL/Div4/OXF2 vs. SUFFP"]
[Site "West Bromwich ENG"]
[Date "2006.05.28"]
[Round "10.5"]
[White "Ludbrook, Matt"]
[Black "Feavyour, John"]
[Result "1-0"]
[WhiteElo "2050"]
[BlackElo "2035"]
[PlyCount "69"]
[EventDate "2006.05.28"]
[EventType "team"]
[EventRounds "11"]
[EventCountry "ENG"]
[SourceDate "2006.05.01"]
[WhiteTeam "Oxford 2"]
[BlackTeam "Suffolk Punches"]

1. e4 e6 2. d4 d5 3. Nd2 Nf6 4. e5 Nfd7 5. Bd3 c5 6. c3 Nc6 7. Ne2 cxd4 8. cxd4
f6 9. exf6 Nxf6 10. Nf3 Bd6 11. Bf4 O-O 12. O-O Bxf4 13. Nxf4 Ne4 14. g3 Qf6
15. h4 Bd7 16. Re1 Rae8 17. Bxe4 dxe4 18. Rxe4 Nd8 19. Ne5 Bc6 20. Nxc6 Nxc6
21. Qd2 e5 22. dxe5 Nxe5 23. Qe2 g5 24. hxg5 Qxg5 25. Re1 Rxf4 26. Rxf4 Nf3+
27. Qxf3 Rxe1+ 28. Kg2 Qe7 29. Rg4+ Kh8 30. Qc3+ Qe5 31. Qc4 Qe6 32. Qc3+ Qe5
33. Qc4 Qe6 34. Qd4+ Re5 35. Re4 1-0

[Event "4NCL/Div4/OXF2 vs. SUFFP"]
[Site "West Bromwich ENG"]
[Date "2006.05.28"]
[Round "10.6"]
[White "Clapham, Michael"]
[Black "Bruce, Dave"]
[Result "1-0"]
[WhiteElo "2005"]
[BlackElo "2015"]
[PlyCount "131"]
[EventDate "2006.05.28"]
[EventType "team"]
[EventRounds "11"]
[EventCountry "ENG"]
[SourceDate "2006.05.01"]
[WhiteTeam "Suffolk Punches"]
[BlackTeam "Oxford 2"]

1. e4 e6 2. d4 d5 3. Nd2 c5 4. exd5 Qxd5 5. Ngf3 cxd4 6. Bc4 Qd6 7. O-O Nf6 8.
Nb3 Nc6 9. Nbxd4 Nxd4 10. Nxd4 a6 11. Be3 Qc7 12. Bd3 Bd6 13. h3 O-O 14. Re1 h6
15. Qd2 b6 16. Bxh6 gxh6 17. Qxh6 Bh2+ 18. Kh1 Qf4 19. Nf5 Qxh6 20. Nxh6+ Kg7
21. Nxf7 Kxf7 22. Kxh2 Bb7 23. Rad1 Rh8 24. Bc4 Nd5 25. Re5 Rag8 26. g3 Kf6 27.
Rde1 b5 28. Rxe6+ Kg7 29. Bxd5 Bxd5 30. Rxa6 Bf3 31. h4 Rd8 32. Re3 Rhf8 33.
Ra7+ Kg6 34. Ra6+ Kg7 35. Ra7+ Kg6 36. Raa3 Ba8 37. Rad3 Rxd3 38. Rxd3 Rxf2+
39. Kg1 Rxc2 40. Rb3 Rc5 41. a3 Bd5 42. Rc3 Rxc3 43. bxc3 Kf5 44. Kf2 Kg4 45.
Ke3 Kxg3 46. h5 Bf7 47. h6 Bg6 48. c4 bxc4 49. a4 c3 50. a5 Be4 51. a6 Kg4 52.
a7 c2 53. Kd2 Kg5 54. h7 Bxh7 55. a8=Q Bf5 56. Qd5 Kf4 57. Qc5 Be4 58. Ke2 Bf3+
59. Kd3 Be4+ 60. Kd4 Bf5 61. Qe5+ Kg5 62. Qe3+ Kf6 63. Kd5 Bg6 64. Qf4+ Kg7 65.
Ke6 Kg8 66. Qh6 1-0

[Event "4NCL/Div4/ATH1 vs. MONM"]
[Site "West Bromwich ENG"]
[Date "2006.05.28"]
[Round "10.1"]
[White "van Voorthuijsen, Pieter W"]
[Black "Varley, Peter"]
[Result "1/2-1/2"]
[WhiteElo "2220"]
[BlackElo "2172"]
[PlyCount "98"]
[EventDate "2006.05.28"]
[EventType "team"]
[EventRounds "11"]
[EventCountry "ENG"]
[SourceDate "2006.05.01"]
[WhiteTeam "Athenaeum 1"]
[BlackTeam "Monmouth"]

1. Nf3 d5 2. d4 e6 3. c4 c6 4. g3 f5 5. Bg2 Nf6 6. O-O Be7 7. b3 O-O 8. Ba3
Nbd7 9. Qc1 Ne4 10. Ne1 Bg5 11. e3 Re8 12. f3 Nef6 13. Nd3 Bh6 14. Bd6 dxc4 15.
bxc4 e5 16. Nxe5 Nxe5 17. Bxe5 c5 18. Qc3 Qb6 19. f4 Ng4 20. h3 Nxe5 21. dxe5
Rd8 22. Na3 Qg6 23. Kh2 a6 24. Rad1 Qe8 25. Qa5 Bd7 26. Rd6 g6 27. Rfd1 Bf8 28.
R6d2 Be7 29. Bxb7 Rab8 30. Qxa6 Ba4 31. Qe6+ Kg7 32. Rxd8 Bxd8 33. Qxe8 Bxe8
34. Rb1 Ba5 35. Bd5 Rxb1 36. Nxb1 Bb4 37. a3 Ba5 38. e4 Ba4 39. exf5 gxf5 40.
g4 Bc2 41. Be6 fxg4 42. hxg4 Bxb1 43. Bf5 Ba2 44. Bd3 h6 45. Kg3 Bb3 46. f5 Ba4
47. Be4 Be1+ 48. Kf4 Bd2+ 49. Kg3 Be1+ 1/2-1/2

[Event "4NCL/Div4/ATH1 vs. MONM"]
[Site "West Bromwich ENG"]
[Date "2006.05.28"]
[Round "10.2"]
[White "Beveridge, Nigel K"]
[Black "Stevenson, James A B"]
[Result "1/2-1/2"]
[WhiteElo "2050"]
[BlackElo "2195"]
[PlyCount "51"]
[EventDate "2006.05.28"]
[EventType "team"]
[EventRounds "11"]
[EventCountry "ENG"]
[SourceDate "2006.05.01"]
[WhiteTeam "Monmouth"]
[BlackTeam "Athenaeum 1"]

1. e4 g6 2. d4 d6 3. Nc3 Bg7 4. g3 e6 5. Bg2 Ne7 6. Nge2 Nd7 7. O-O b6 8. f4
Bb7 9. Be3 O-O 10. g4 f5 11. Ng3 Nf6 12. h3 fxe4 13. Ncxe4 Nxe4 14. Nxe4 Nd5
15. Bc1 Ba6 16. Rf2 Qd7 17. c3 Rad8 18. Bf1 Bb7 19. Qd3 Nf6 20. Ng5 h6 21. Nf3
Ne4 22. Re2 Ng3 23. Re1 Nxf1 24. Rxf1 Bxf3 25. Rxf3 Rf6 26. Bd2 1/2-1/2

[Event "4NCL/Div4/ATH1 vs. MONM"]
[Site "West Bromwich ENG"]
[Date "2006.05.28"]
[Round "10.3"]
[White "Pedersen, Carsten"]
[Black "Turner, J D."]
[Result "1/2-1/2"]
[WhiteElo "2175"]
[BlackElo "2043"]
[PlyCount "95"]
[EventDate "2006.05.28"]
[EventType "team"]
[EventRounds "11"]
[EventCountry "ENG"]
[SourceDate "2006.05.01"]
[WhiteTeam "Athenaeum 1"]
[BlackTeam "Monmouth"]

1. e4 e5 2. Nc3 Bc5 3. Bc4 d6 4. d3 Be6 5. Bxe6 fxe6 6. Na4 Bb6 7. Nxb6 axb6 8.
Qh5+ g6 9. Qg4 Qe7 10. Nf3 Nf6 11. Qh4 Nc6 12. Bg5 Rf8 13. c3 b5 14. O-O h5 15.
a3 Qg7 16. Qh3 Ng4 17. Nh4 Kd7 18. Rad1 Rf7 19. Qg3 Raf8 20. h3 Nf6 21. Qe3 Rh8
22. d4 Nh7 23. Nf3 exd4 24. cxd4 Rxf3 25. gxf3 Nxg5 26. Qxg5 Nxd4 27. Rd3 e5
28. Rxd4 exd4 29. Qxb5+ Kc8 30. Rc1 Qe7 31. Kf1 Qh4 32. Qb6 Qxh3+ 33. Ke2 Qd7 {
Both scoresheets are a mess} 34. Qa7 Qb5+ 35. Kd2 Kd7 36. Qxd4 Qa5+ 37. Ke2 Re8
38. Kf1 Qb5+ 39. Qc4 c6 40. Rc3 Qg5 41. Qd4 Re6 42. Qe3 Qe7 43. Qb6 Ke8 44. a4
d5 45. Qd4 dxe4 46. Qh8+ Qf8 47. Qxf8+ Kxf8 48. Re3 1/2-1/2

[Event "4NCL/Div4/ATH1 vs. MONM"]
[Site "West Bromwich ENG"]
[Date "2006.05.28"]
[Round "10.4"]
[White "Davis, Lee"]
[Black "Quinn, John M"]
[Result "1-0"]
[WhiteElo "2025"]
[BlackElo "2080"]
[PlyCount "69"]
[EventDate "2006.05.28"]
[EventType "team"]
[EventRounds "11"]
[EventCountry "ENG"]
[SourceDate "2006.05.01"]
[WhiteTeam "Monmouth"]
[BlackTeam "Athenaeum 1"]

1. d4 Nf6 2. g3 g6 3. Bg2 Bg7 4. Nf3 d6 5. O-O O-O 6. c4 c6 7. Nc3 Nbd7 8. e4
e5 9. h3 exd4 10. Nxd4 Nc5 11. Nb3 Nxb3 12. axb3 Qe7 13. Be3 a6 14. Qd2 Ne8 15.
Rfe1 Be6 16. f4 f5 17. Bf2 Qf7 18. Bb6 Kh8 19. c5 Qd7 20. b4 fxe4 21. Nxe4 d5
22. Ng5 Bg8 23. Ne4 Be6 24. Ng5 Bg8 25. h4 Bf6 26. Re2 Ng7 27. Ne4 Rae8 28. Nd6
Rxe2 29. Qxe2 Ne8 30. Kh2 Nxd6 31. cxd6 Re8 32. Qd2 Qxd6 33. Re1 Rxe1 34. Qxe1
Qe7 35. Qxe7 1-0

[Event "4NCL/Div4/ATH1 vs. MONM"]
[Site "West Bromwich ENG"]
[Date "2006.05.28"]
[Round "10.5"]
[White "McLaughlin, Noel"]
[Black "Waterfield, John"]
[Result "1/2-1/2"]
[WhiteElo "2030"]
[BlackElo "2035"]
[PlyCount "66"]
[EventDate "2006.05.28"]
[EventType "team"]
[EventRounds "11"]
[EventCountry "ENG"]
[SourceDate "2006.05.01"]
[WhiteTeam "Athenaeum 1"]
[BlackTeam "Monmouth"]

1. e4 c5 2. d4 cxd4 3. c3 dxc3 4. Nxc3 Nc6 5. Nf3 e6 6. Bc4 Qc7 7. O-O Nf6 8.
Qe2 Ng4 9. g3 Nce5 10. Nxe5 Nxe5 11. Bb3 a6 12. Bf4 Be7 13. Rac1 Qb8 14. Na4 b5
15. Rxc8+ Qxc8 16. Nb6 Qb7 17. Nxa8 Bd6 18. Rd1 Bb8 19. a4 O-O 20. axb5 axb5
21. Ra1 Nc6 22. Be3 Ba7 23. Rxa7 Nxa7 24. Nb6 Qc6 25. Qd3 d6 26. e5 d5 27. Nxd5
exd5 28. Bxa7 Ra8 29. Qe3 h6 30. Bd4 Ra1+ 31. Kg2 b4 32. Qd3 Rc1 33. Qe3 Ra1
1/2-1/2

[Event "4NCL/Div4/ATH1 vs. MONM"]
[Site "West Bromwich ENG"]
[Date "2006.05.28"]
[Round "10.6"]
[White "Lazarus, Sam"]
[Black "Kay, Jonathan"]
[Result "0-1"]
[WhiteElo "1745"]
[BlackElo "1940"]
[PlyCount "120"]
[EventDate "2006.05.28"]
[EventType "team"]
[EventRounds "11"]
[EventCountry "ENG"]
[SourceDate "2006.05.01"]
[WhiteTeam "Monmouth"]
[BlackTeam "Athenaeum 1"]

1. e4 c5 2. Nc3 Nc6 3. f4 e6 4. Bc4 a6 5. a4 Nge7 6. d3 d5 7. Bb3 g6 8. Nf3 Bg7
9. O-O O-O 10. Qe1 Nd4 11. Nxd4 cxd4 12. Ne2 dxe4 13. dxe4 d3 14. Ng3 dxc2 15.
Bxc2 Bxb2 16. Bxb2 Qb6+ 17. Rf2 Qxb2 18. f5 Qe5 19. f6 Nc6 20. Qe3 g5 21. Rc1
h6 22. Bd1 Qd4 23. Qxd4 Nxd4 24. Rc7 e5 25. Ne2 Rd8 26. Nxd4 Rxd4 27. Bh5 Be6
28. Rxb7 Rxe4 29. Bd1 Bc4 30. Rc2 Rd8 31. Bh5 Re1+ 32. Kf2 Rf1+ 33. Kg3 Rd3+
34. Bf3 Be6 35. Rf2 Ra1 36. Rb8+ Kh7 37. Rd2 Raa3 38. Rxd3 Rxd3 39. Kf2 Rd4 40.
Bh5 Rf4+ 41. Ke3 Rxf6 42. Rb6 Rf1 43. Rxa6 g4 44. Ke4 Re1+ 45. Kd3 e4+ 46. Kd2
Rg1 47. Ke3 Rxg2 48. Rxe6 fxe6 49. Kxe4 Rxh2 50. Bxg4 Rh4 51. Kf3 e5 52. Bd7
Rd4 53. Bb5 Kg7 54. Ke3 h5 55. Kf3 Kf6 56. Kg3 Kg5 57. Kh3 Kf4 58. Kh4 Kf3+ 59.
Kxh5 Kf2 60. a5 Rd5 0-1

[Event "4NCL/Div4/SCS vs. BCA"]
[Site "West Bromwich ENG"]
[Date "2006.05.28"]
[Round "10.1"]
[White "Reynolds, D Ian"]
[Black "Mordue, A Tyson"]
[Result "0-1"]
[WhiteElo "2125"]
[BlackElo "2225"]
[PlyCount "78"]
[EventDate "2006.05.28"]
[EventType "team"]
[EventRounds "11"]
[EventCountry "ENG"]
[SourceDate "2006.05.01"]
[WhiteTeam "S Counties Stars"]
[BlackTeam "Braille C A"]

1. e4 c5 2. c3 d5 3. exd5 Qxd5 4. d4 e6 5. Nf3 Nf6 6. Be2 Nc6 7. O-O cxd4 8.
cxd4 Be7 9. Nc3 Qd6 10. Be3 O-O 11. a3 b6 12. Bd3 Bb7 13. Rc1 Rac8 14. Qe2 Rfd8
15. Ne4 Nxe4 16. Bxe4 Bf6 17. Rfd1 Qb8 18. g3 Ne7 19. Bf4 Qa8 20. Bxb7 Qxb7 21.
Be5 Nf5 22. Rxc8 Qxc8 23. Bxf6 gxf6 24. Qe4 Rd5 25. g4 Nd6 26. Qf4 Qc2 27. Rd2
Qc1+ 28. Kg2 Kg7 29. g5 f5 30. Qh4 Ne4 31. Re2 Rb5 32. Qh6+ Kg8 33. h3 Rxb2 34.
Rxe4 fxe4 35. Ne5 Qf4 36. Ng4 Qf3+ 37. Kh2 Rxf2+ 38. Nxf2 Qxf2+ 39. Kh1 e3 0-1

[Event "4NCL/Div4/SCS vs. BCA"]
[Site "West Bromwich ENG"]
[Date "2006.05.28"]
[Round "10.2"]
[White "Ross, Chris"]
[Black "Lutton, E Josiah"]
[Result "1-0"]
[WhiteElo "2165"]
[BlackElo "2125"]
[PlyCount "41"]
[EventDate "2006.05.28"]
[EventType "team"]
[EventRounds "11"]
[EventCountry "ENG"]
[SourceDate "2006.05.01"]
[WhiteTeam "Braille C A"]
[BlackTeam "S Counties Stars"]

1. Nf3 b5 2. d4 e6 3. e4 a6 4. Bd3 Bb7 5. O-O Nf6 6. Re1 Be7 7. Nbd2 d6 8. c3
Nbd7 9. a4 bxa4 10. Qxa4 O-O 11. Qc2 h6 12. Nc4 c5 13. Na5 Qc7 14. Nxb7 Qxb7
15. e5 dxe5 16. dxe5 Nd5 17. Qe2 Rfc8 18. Qe4 f5 19. exf6 N7xf6 20. Qxe6+ Kh8
21. Ne5 1-0

[Event "4NCL/Div4/SCS vs. BCA"]
[Site "West Bromwich ENG"]
[Date "2006.05.28"]
[Round "10.3"]
[White "Kilpatrick, Callum"]
[Black "Hilton, Steve"]
[Result "1-0"]
[WhiteElo "2070"]
[BlackElo "2045"]
[PlyCount "69"]
[EventDate "2006.05.28"]
[EventType "team"]
[EventRounds "11"]
[EventCountry "ENG"]
[SourceDate "2006.05.01"]
[WhiteTeam "S Counties Stars"]
[BlackTeam "Braille C A"]

1. e4 c5 2. Nc3 Nc6 3. Nf3 Nf6 4. d4 cxd4 5. Nxd4 e5 6. Ndb5 d6 7. Bg5 a6 8.
Na3 Be7 9. Nc4 b5 10. Bxf6 gxf6 11. Ne3 Be6 12. Ncd5 Bxd5 13. Qxd5 Nd4 14. c3
Ne6 15. g3 Rc8 16. Bg2 Rg8 17. O-O h5 18. h4 Nf4 19. Qd1 Nxg2 20. Kxg2 Rh8 21.
a4 Qd7 22. Qe2 Qb7 23. f3 Rg8 24. Rfd1 Rc5 25. Rd5 Rxd5 26. Nxd5 Bd8 27. Ne3 b4
28. Nf5 Be7 29. Rd1 bxc3 30. bxc3 Qc6 31. Qb2 Kd7 32. Qb3 Rf8 33. Rb1 Qc7 34.
Qb2 Kc8 35. Nxe7+ 1-0

[Event "4NCL/Div4/SCS vs. BCA"]
[Site "West Bromwich ENG"]
[Date "2006.05.28"]
[Round "10.4"]
[White "Armstrong, William G"]
[Black "Sen, Subin"]
[Result "0-1"]
[WhiteElo "1985"]
[BlackElo "2045"]
[PlyCount "64"]
[EventDate "2006.05.28"]
[EventType "team"]
[EventRounds "11"]
[EventCountry "ENG"]
[SourceDate "2006.05.01"]
[WhiteTeam "Braille C A"]
[BlackTeam "S Counties Stars"]

1. d4 Nf6 2. Nc3 d5 3. Nf3 g6 4. Bf4 Bg7 5. e3 O-O 6. Be2 c5 7. O-O Qa5 8. Nb5
Na6 9. dxc5 Bd7 10. a4 Qb4 11. Be5 Bxb5 12. axb5 Nxc5 13. Bd4 Ncd7 14. b3 Qd6
15. Bb2 Rfc8 16. c4 e6 17. Ba3 Qb6 18. Rc1 Rc7 19. Bb2 Qd6 20. Qc2 Rac8 21.
Rfd1 Ne8 22. Bxg7 Kxg7 23. Qb2+ Nef6 24. e4 Qb4 25. exd5 exd5 26. Rxd5 Kg8 27.
Rd4 Nc5 28. Nd2 Re8 29. Kf1 Rce7 30. Bf3 Rd7 31. Rxd7 Nfxd7 32. Re1 Rxe1+ 0-1

[Event "4NCL/Div4/SCS vs. BCA"]
[Site "West Bromwich ENG"]
[Date "2006.05.28"]
[Round "10.5"]
[White "Heard, Andrew H"]
[Black "Murphy, Richard L"]
[Result "1/2-1/2"]
[WhiteElo "2030"]
[BlackElo "1735"]
[PlyCount "38"]
[EventDate "2006.05.28"]
[EventType "team"]
[EventRounds "11"]
[EventCountry "ENG"]
[SourceDate "2006.05.01"]
[WhiteTeam "S Counties Stars"]
[BlackTeam "Braille C A"]

1. d4 d5 2. c4 e5 3. dxe5 d4 4. Nf3 Nc6 5. g3 Be6 6. b3 Qd7 7. Bg2 O-O-O 8. O-O
f6 9. exf6 Nxf6 10. Bf4 Bh3 11. Nbd2 Bxg2 12. Kxg2 Be7 13. Ng5 Rdf8 14. Nde4
Nxe4 15. Nxe4 h5 16. h4 Bxh4 17. Rh1 Be7 18. Bg5 Bxg5 19. Nxg5 Qf5 1/2-1/2

[Event "4NCL/Div4/SCS vs. BCA"]
[Site "West Bromwich ENG"]
[Date "2006.05.28"]
[Round "10.6"]
[White "Thacker, Steve M"]
[Black "Lutton, J Arnold"]
[Result "1/2-1/2"]
[WhiteElo "1785"]
[BlackElo "1940"]
[PlyCount "84"]
[EventDate "2006.05.28"]
[EventType "team"]
[EventRounds "11"]
[EventCountry "ENG"]
[SourceDate "2006.05.01"]
[WhiteTeam "Braille C A"]
[BlackTeam "S Counties Stars"]

1. e4 e6 2. d4 d5 3. Nd2 Nf6 4. e5 Nfd7 5. Bd3 c5 6. c3 Nc6 7. Ndf3 Be7 8. Ne2
Nf8 9. Be3 Qc7 10. a3 c4 11. Bc2 Bd7 12. Nd2 Ng6 13. g3 O-O-O 14. f4 f6 15. Qb1
f5 16. Nf3 h6 17. Kd2 Rdg8 18. h4 Nf8 19. Qe1 Na5 20. Nc1 Nh7 21. Ne2 Kb8 22.
Kd1 Qd8 23. Qd2 g5 24. hxg5 hxg5 25. Ke1 Nf8 26. Kf2 g4 27. Ng5 Bxg5 28. fxg5
Ng6 29. Nf4 Qe8 30. Nxg6 Qxg6 31. Rh4 Rh5 32. Rah1 Rgh8 33. Bf4 Be8 34. Bd1 Qf7
35. Kg2 Qc7 36. Bc2 Qb6 37. Bd1 Qb5 38. R1h2 Nb3 39. Bxb3 Qxb3 40. Kg1 Rxh4 41.
Rxh4 Rxh4 42. gxh4 Bh5 1/2-1/2

[Event "4NCL/Div4/CELT vs. GUI5"]
[Site "West Bromwich ENG"]
[Date "2006.05.28"]
[Round "10.1"]
[White "Thomas, Robert K"]
[Black "Shepley, Julien M"]
[Result "1/2-1/2"]
[WhiteElo "2140"]
[BlackElo "2085"]
[PlyCount "87"]
[EventDate "2006.05.28"]
[EventType "team"]
[EventRounds "11"]
[EventCountry "ENG"]
[SourceDate "2006.05.01"]
[WhiteTeam "Celtic Tigers"]
[BlackTeam "Guildford-ADC 5"]

1. d4 d5 2. c4 e6 3. Nc3 c5 4. cxd5 cxd4 5. Qa4+ Bd7 6. Qxd4 exd5 7. Qxd5 Nc6
8. Nf3 Nf6 9. Qd1 Bc5 10. e3 Qe7 11. Be2 g5 12. b4 Bxb4 13. Bb2 g4 14. Nd2 Rg8
15. O-O Ne5 16. a3 Bc5 17. Nce4 Nxe4 18. Nxe4 Bc6 19. Nxc5 Qxc5 20. Qd4 Qxd4
21. exd4 Nf3+ 22. Kh1 Nh4 23. Rg1 O-O-O 24. Bc4 Bd5 25. Rac1 Bxc4 26. Rxc4+ Kd7
27. d5 Nf5 28. Rf4 Nd6 29. Be5 f5 30. f3 Rdf8 31. Rf1 gxf3 32. R1xf3 Rc8 33. h3
Rc1+ 34. Kh2 Rc2 35. Rg3 Rxg3 36. Kxg3 Ra2 37. a4 Ne4+ 38. Kh2 Rf2 39. Rh4 Ng5
40. Kg3 Rf1 41. Bf4 Ne4+ 42. Kh2 Nf6 43. Bb8 a6 44. Rh6 1/2-1/2

[Event "4NCL/Div4/CELT vs. GUI5"]
[Site "West Bromwich ENG"]
[Date "2006.05.28"]
[Round "10.2"]
[White "Bryant, Richard"]
[Black "Haldane, Robin"]
[Result "0-1"]
[WhiteElo "2060"]
[BlackElo "2105"]
[PlyCount "136"]
[EventDate "2006.05.28"]
[EventType "team"]
[EventRounds "11"]
[EventCountry "ENG"]
[SourceDate "2006.05.01"]
[WhiteTeam "Guildford-ADC 5"]
[BlackTeam "Celtic Tigers"]

1. e4 e5 2. Nf3 Nc6 3. d4 exd4 4. c3 dxc3 5. Bc4 cxb2 6. Bxb2 d6 7. Qb3 Qd7 8.
Bc3 Nh6 9. O-O f6 10. Na3 Ng4 11. Nb5 Nd8 12. Rad1 a6 13. Nbd4 b5 14. Be2 Qf7
15. Qc2 Be7 16. Ba5 O-O 17. Bxc7 Ne6 18. Ba5 Nf4 19. Rfe1 Nxe2+ 20. Rxe2 Ne5
21. Nd2 Bg4 22. f3 Rac8 23. Qb3 Bd7 24. Nf1 Nc4 25. Be1 Bd8 26. Ne3 Nxe3 27.
Qxe3 Bb6 28. Bf2 Be6 29. Qa3 Bc4 30. Red2 Qa7 31. Qxd6 Rfd8 32. Qg3 Bxa2 33. h4
Rc4 34. Nf5 Bxf2+ 35. Qxf2 Qxf2+ 36. Kxf2 Rxd2+ 37. Rxd2 Ra4 38. Rd8+ Kf7 39.
Rd7+ Kf8 40. Rd8+ Kf7 41. Rd7+ Ke8 42. Rxg7 b4 43. Nd4 b3 44. Nxb3 Bxb3 45.
Rxh7 Ra2+ 46. Kg3 Bc4 47. Rc7 Bf1 48. Rc6 Rxg2+ 49. Kf4 Ke7 50. Kf5 Rh2 51.
Re6+ Kd7 52. Rxf6 Rxh4 53. f4 Rh5+ 54. Kg6 Rh8 55. Rf7+ Kc6 56. Rf6+ Kc5 57. e5
a5 58. Kg7 Ra8 59. Rg6 a4 60. Rg1 Bd3 61. Rd1 Be4 62. e6 a3 63. e7 a2 64. Ra1
Bd5 65. f5 Kd6 66. Re1 Rg8+ 67. Kh7 Bf7 68. Kh6 Rb8 0-1

[Event "4NCL/Div4/CELT vs. GUI5"]
[Site "West Bromwich ENG"]
[Date "2006.05.28"]
[Round "10.3"]
[White "Wrench, John"]
[Black "Jones, H Trevor"]
[Result "1/2-1/2"]
[WhiteElo "2050"]
[BlackElo "1930"]
[PlyCount "113"]
[EventDate "2006.05.28"]
[EventType "team"]
[EventRounds "11"]
[EventCountry "ENG"]
[SourceDate "2006.05.01"]
[WhiteTeam "Celtic Tigers"]
[BlackTeam "Guildford-ADC 5"]

1. e4 c6 2. Nc3 d5 3. Nf3 Bg4 4. h3 Bxf3 5. Qxf3 e6 6. d3 Bb4 7. exd5 cxd5 8.
Qg4 Bxc3+ 9. bxc3 Qf6 10. d4 Nc6 11. Bg5 Qf5 12. Qxf5 exf5 13. Bd3 h6 14. Bd2
Nge7 15. Rb1 O-O-O 16. O-O g5 17. f4 g4 18. h4 h5 19. g3 Kb8 20. Rfe1 Ka8 21.
Re3 Nc8 22. Bxf5 Nd6 23. Bd3 f5 24. Re6 Ne4 25. Be1 Rde8 26. Rxe8+ Rxe8 27. Kf1
a6 28. Bxe4 Rxe4 29. Bf2 Kb8 30. c4 Nxd4 31. cxd5 Nxc2 32. d6 Ne3+ 33. Kg1 Kc8
34. d7+ Kxd7 35. Rxb7+ Kc6 36. Rh7 Nd5 37. Rxh5 Ne7 38. Rh6+ Kb5 39. Rb6+ Ka5
40. Rb2 Ka4 41. Bc5 Nd5 42. Kf2 Nc3 43. Rd2 Re6 44. Rd4+ Kb5 45. Bf8 Re2+ 46.
Kf1 Rxa2 47. Rb4+ Ka5 48. Rb7 Ne4 49. Bb4+ Ka4 50. Be1 Ra1 51. Rb4+ Ka3 52. Rb6
Nxg3+ 53. Kg2 Rxe1 54. Rxa6+ Kb4 55. Kxg3 Re3+ 56. Kg2 Re2+ 57. Kg3 1/2-1/2

[Event "4NCL/Div4/CELT vs. GUI5"]
[Site "West Bromwich ENG"]
[Date "2006.05.28"]
[Round "10.4"]
[White "Morris, Claire H"]
[Black "Evans, Craig"]
[Result "1/2-1/2"]
[WhiteElo "1920"]
[BlackElo "1954"]
[PlyCount "32"]
[EventDate "2006.05.28"]
[EventType "team"]
[EventRounds "11"]
[EventCountry "ENG"]
[SourceDate "2006.05.01"]
[WhiteTeam "Guildford-ADC 5"]
[BlackTeam "Celtic Tigers"]

1. e4 e5 2. Nf3 Nc6 3. d4 exd4 4. Nxd4 Bb4+ 5. c3 Bc5 6. Be3 Qf6 7. f4 d6 8.
Qd3 Nge7 9. Nxc6 Nxc6 10. Bxc5 dxc5 11. Qe3 O-O 12. Nd2 b6 13. h3 Qe7 14. O-O-O
f5 15. e5 Be6 16. Be2 Rad8 1/2-1/2

[Event "4NCL/Div4/CELT vs. GUI5"]
[Site "West Bromwich ENG"]
[Date "2006.05.28"]
[Round "10.5"]
[White "Larter, Nick"]
[Black "Gunn, Michael J"]
[Result "1-0"]
[WhiteElo "1600"]
[BlackElo "1815"]
[PlyCount "127"]
[EventDate "2006.05.28"]
[EventType "team"]
[EventRounds "11"]
[EventCountry "ENG"]
[SourceDate "2006.05.01"]
[WhiteTeam "Celtic Tigers"]
[BlackTeam "Guildford-ADC 5"]

1. e4 e6 2. d4 d5 3. Be3 dxe4 4. Nd2 Nf6 5. f3 exf3 6. Ngxf3 Be7 7. Bd3 Nbd7 8.
O-O O-O 9. Nc4 c5 10. Qe1 cxd4 11. Bg5 Nc5 12. Rd1 b6 13. Kh1 Bb7 14. Qh4 Nxd3
15. Rxd3 Nd5 16. Qxd4 Bxg5 17. Nxg5 Nf6 18. Qh4 h6 19. Rxd8 Rfxd8 20. Nf3 Rac8
21. Re1 Rd5 22. Ne3 Rdc5 23. c3 Rb5 24. Nc4 Rd5 25. b3 Rcd8 26. Nce5 b5 27. c4
bxc4 28. Qxc4 Rc8 29. Qb4 Rc7 30. Qa4 a6 31. Qb4 Rdc5 32. Qb6 Bxf3 33. Nxf3 a5
34. Qb8+ Kh7 35. Qb6 R7c6 36. Qb7 Rc7 37. Qa8 Rc8 38. Qa6 R8c6 39. Qd3+ g6 40.
h3 Rd5 41. Qf1 Kg7 42. Qf2 Rcd6 43. Ne5 Rd1 44. Rxd1 Rxd1+ 45. Kh2 Rd5 46. Qe3
h5 47. Qc3 Rd8 48. Qc7 Rf8 49. Qxa5 Nd5 50. b4 Rc8 51. b5 Rc2 52. Qa8 Rb2 53.
Qb7 Kf6 54. Nd7+ Kg7 55. a4 Nc3 56. Qa8 g5 57. b6 Ne2 58. Qf8+ Kg6 59. Qg8+ Kf5
60. Qxf7+ Ke4 61. Qxe6+ Kd3 62. Nc5+ Kd2 63. Qd5+ Ke3 64. Qe5+ 1-0

[Event "4NCL/Div4/CELT vs. GUI5"]
[Site "West Bromwich ENG"]
[Date "2006.05.28"]
[Round "10.6"]
[White "Morris, Priscilla"]
[Black "Bannon, Senan"]
[Result "1/2-1/2"]
[WhiteElo "1570"]
[BlackElo "1284"]
[PlyCount "92"]
[EventDate "2006.05.28"]
[EventType "team"]
[EventRounds "11"]
[EventCountry "ENG"]
[SourceDate "2006.05.01"]
[WhiteTeam "Guildford-ADC 5"]
[BlackTeam "Celtic Tigers"]

1. e4 c5 2. Nf3 d6 3. d4 cxd4 4. Nxd4 Nf6 5. Nc3 e6 6. Bc4 Be7 7. O-O O-O 8. f4
Nc6 9. f5 Qb6 10. Be3 e5 11. Na4 Qb4 12. Nxc6 bxc6 13. b3 Nxe4 14. Qg4 d5 15.
Bd3 Nf6 16. Qg3 e4 17. Be2 Bd6 18. Bf4 Bxf4 19. Qxf4 Qd4+ 20. Kh1 a5 21. a3 Re8
22. Rad1 Qe5 23. g4 Qxf4 24. Rxf4 Ba6 25. Bxa6 Rxa6 26. Nc5 Raa8 27. a4 e3 28.
Re1 Re7 29. Kg2 Rae8 30. h3 Ne4 31. Nxe4 Rxe4 32. Rxe4 Rxe4 33. c3 c5 34. Kf3
Re7 35. Rxe3 Rxe3+ 36. Kxe3 Kf8 37. Kf4 f6 38. h4 Ke7 39. Ke3 Kd6 40. Kf4 c4
41. b4 axb4 42. cxb4 c3 43. Ke3 d4+ 44. Kd3 Kc6 45. h5 h6 46. Kc2 Kb6 1/2-1/2

[Event "4NCL/Div4/RICB vs. WWKS2"]
[Site "West Bromwich ENG"]
[Date "2006.05.28"]
[Round "10.1"]
[White "O'Toole, George E"]
[Black "McCumiskey, Andrew"]
[Result "1-0"]
[WhiteElo "2060"]
[BlackElo "2125"]
[PlyCount "55"]
[EventDate "2006.05.28"]
[EventType "team"]
[EventRounds "11"]
[EventCountry "ENG"]
[SourceDate "2006.05.01"]
[WhiteTeam "Richmond B"]
[BlackTeam "Warks Select 2"]

1. e4 d6 2. d4 g6 3. Nc3 a6 4. Be3 b5 5. Nf3 Bb7 6. Bd3 Bg7 7. Qd2 Nd7 8. Rd1
c5 9. dxc5 Nxc5 10. Bxc5 dxc5 11. Nxb5 Nf6 12. Nc3 O-O 13. O-O Qc7 14. Qe2 Rfd8
15. Bc4 Qb6 16. Bxf7+ Kh8 17. Bb3 h6 18. Ne5 Kh7 19. Bf7 g5 20. Bg6+ Kg8 21.
Qc4+ e6 22. Bf7+ Kh7 23. Bxe6 Rd4 24. Bf5+ Kh8 25. Nf7+ Kg8 26. Nxh6+ Kh8 27.
Qg8+ Rxg8 28. Nf7# 1-0

[Event "4NCL/Div4/RICB vs. WWKS2"]
[Site "West Bromwich ENG"]
[Date "2006.05.28"]
[Round "10.2"]
[White "Lloyd, Alan D"]
[Black "Gaudeau, Valentin"]
[Result "1/2-1/2"]
[WhiteElo "2110"]
[BlackElo "1885"]
[PlyCount "54"]
[EventDate "2006.05.28"]
[EventType "team"]
[EventRounds "11"]
[EventCountry "ENG"]
[SourceDate "2006.05.01"]
[WhiteTeam "Warks Select 2"]
[BlackTeam "Richmond B"]

1. c4 e5 2. Nc3 Nc6 3. g3 Bc5 4. Bg2 Nge7 5. e3 a6 6. Nge2 d6 7. d4 Ba7 8. O-O
h5 9. b4 h4 10. b5 hxg3 11. hxg3 axb5 12. cxb5 Na5 13. Qa4 exd4 14. exd4 Bb6
15. Nd5 Nxd5 16. Bxd5 Qf6 17. Re1 Kf8 18. Qa3 Bg4 19. Bf4 Qf5 20. Bxd6+ cxd6
21. Qxd6+ Kg8 22. Nf4 Bxd4 23. Rac1 Bf6 24. Rc7 Bh5 25. Nxh5 Qxh5 26. Bxf7+
Qxf7 27. Rxf7 Kxf7 1/2-1/2